[Event "Como Province-ch"]
[Site "Como"]
[Date "1999.01.29"]
[Round "3"]
[White "Boncinelli, Lodovico"]
[Black "Morlotti, Massimiliano"]
[Result "0-1"]
[WhiteElo "1522"]
[BlackElo "1711"]
[PlyCount "116"]
[EventDate "1999.01.15"]
[EventType "swiss"]
[EventRounds "8"]
[EventCountry "ITA"]
[SourceTitle "EXT 2023"]
[Source "ChessBase"]
[SourceDate "2022.10.05"]
[SourceVersion "1"]
[SourceVersionDate "2022.10.05"]
[SourceQuality "1"]

1. d4 b5 2. Nf3 Bb7 3. Bf4 e6 4. Nbd2 c5 5. e3 c4 6. c3 Nf6 7. Be2 Be7 8. 0-0 Nc6 9. b3 Nd5 10. Qc2 Nxf4 11. exf4 cxb3 12. axb3 a6 13. Bd3 h6 14. Rfe1 Rc8 15. Qb1 Qc7 16. Ne5 d6 17. Nef3 d5 18. f5 Nd8 19. Rc1 Qf4 20. Nf1 0-0 21. c4 dxc4 22. bxc4 Bxf3 23. gxf3 bxc4 24. Rxc4 Rxc4 25. Bxc4 Qxd4 26. Bxa6 exf5 27. Bd3 Bh4 28. Ra2 f4 29. Rd2 Qf6 30. Bf5 Ne6 31. Bh3 Rd8 32. Rb2 Nd4 33. Bg2 Re8 34. Rb8 Rxb8 35. Qxb8+ Qd8 36. Qxd8+ Bxd8 37. Nd2 Ba5 38. Ne4 Bb4 39. Bf1 f5 40. Nf6+ gxf6 41. Kg2 Kf8 42. h3 Ke7 43. Bc4 Kd6 44. Ba6 Kc5 45. Bd3 Be1 46. Ba6 Kb4 47. Bb7 Kc3 48. Ba6 Nb3 49. Bf1 Nc1 50. Bb5 Nd3 51. Bd7 Bxf2 52. Bxf5 Bg3 53. Kf1 Kd2 54. Bg4 Ke3 55. Kg2 Ne1+ 56. Kf1 Nxf3 57. Kg2 Nd2 58. Bd1 Bh4 0-1